|
|
|
|
| LEADER |
01403nam a2200409 a 4500 |
| 001 |
EBC370508 |
| 003 |
MiAaPQ |
| 005 |
20200520144314.0 |
| 006 |
m o d | |
| 007 |
cr cn||||||||| |
| 008 |
020724s2002 enka sb 001 0 eng d |
| 010 |
|
|
|z 2001132896
|
| 015 |
|
|
|a GBA1-V6657
|
| 020 |
|
|
|z 0761970371
|
| 020 |
|
|
|z 076197038X (PBK.)
|
| 035 |
|
|
|a (MiAaPQ)EBC370508
|
| 035 |
|
|
|a (Au-PeEL)EBL370508
|
| 035 |
|
|
|a (CaPaEBR)ebr10256806
|
| 035 |
|
|
|a (CaONFJC)MIL189769
|
| 035 |
|
|
|a (OCoLC)476205717
|
| 040 |
|
|
|a MiAaPQ
|c MiAaPQ
|d MiAaPQ
|
| 050 |
|
4 |
|a HF5635
|b .E257 2002
|
| 082 |
0 |
4 |
|a 657
|2 21
|
| 100 |
1 |
|
|a Marriott, Pru.
|
| 245 |
1 |
0 |
|a Introduction to accounting
|h [electronic resource] /
|c Pru Marriott, J.R. Edwards and H.J. Mellett.
|
| 250 |
|
|
|a 3rd ed.
|
| 260 |
|
|
|a London ;
|a Thousand Oaks, Calif. :
|b SAGE,
|c 2002.
|
| 300 |
|
|
|a xlv, 537 p. :
|b ill.
|
| 500 |
|
|
|a Previous ed.: / J.R. Edwards and H.J. Mellett. London : PCP, 1995.
|
| 504 |
|
|
|a Includes index.
|
| 533 |
|
|
|a Electronic reproduction. Ann Arbor, MI : ProQuest, 2015. Available via World Wide Web. Access may be limited to ProQuest affiliated libraries.
|
| 650 |
|
0 |
|a Accounting.
|
| 655 |
|
4 |
|a Electronic books.
|
| 700 |
1 |
|
|a Edwards, J. R.
|
| 700 |
1 |
|
|a Mellett, Howard.
|
| 710 |
2 |
|
|a ProQuest (Firm)
|
| 856 |
4 |
0 |
|u https://ebookcentral.proquest.com/lib/matrademy/detail.action?docID=370508
|z Click to View
|